| 000 | 00702nam a2200205Ii 4500 | ||
|---|---|---|---|
| 003 | JO-AjNU | ||
| 008 | 230605s9999||||xx |||||||||||||| ||und|| | ||
| 040 |
_aJO-AjNU _bara _erda _cJO-AjNU |
||
| 041 | _aara | ||
| 050 | 1 | 4 | _aGV1093.S5248 1983 |
| 100 | 3 |
_aتاليف شلتوت، السيد حسن، م.مشارك سلام، صدقي أحمد, _eauthor _936233 |
|
| 245 | 0 | 0 | _aالرمى في ألعاب القوى |
| 250 | _aط5 | ||
| 264 | 3 | 1 | _aمصر: دار المعارف، 1983 |
| 300 |
_a191ص _bصور توضبحية |
||
| 336 |
_atext _btxt _2rdacontent |
||
| 337 |
_aunmediated _bn _2rdamedia |
||
| 338 |
_avolume _bnc _2rdacarrier |
||
| 650 | 4 |
_aالعاب القوى- الرياضة _936234 |
|
| 999 |
_aA15035 _c18603 _d18603 |
||